[Event "Open dell'Ariete"]
[Site "Torino ITA"]
[Date "2015.04.09"]
[Round "3"]
[White "Carra, Andrea"]
[Black "Ricciardi, Arcangelo"]
[WhiteElo "1416"]
[BlackElo "1745"]
[Result "0-1"]
[PlyCount "76"]
[EventDate "2015.03.26"]

1. d4 Nf6 2. Nf3 e6 3. e3 d5 4. b3 Nbd7 5. Bd3 Bd6 6. Nbd2 e5 7. dxe5 Nxe5 8.
Nxe5 Bxe5 9. Rb1 Ng4 10. Nf3 Qf6 11. h3 Bc3+ 12. Bd2 Ne5 13. Nxe5 Bxe5 14. O-O
Bd7 15. Qe2 O-O-O 16. Rfd1 g5 17. f4 gxf4 18. exf4 Bd6 19. Rf1 Rhg8 20. Kh2 Rg7
21. Qf2 d4 22. Rbe1 Bc6 23. Be4 Bb5 24. Bd3 Bd7 25. Rg1 Rdg8 26. g4 h5 27. gxh5
Rh8 28. Rxg7 Qxg7 29. Rg1 Qh6 30. Rg5 Qxg5 31. Qg2 Qxh5 32. Be2 Qxh3+ 33. Qxh3
Rxh3+ 34. Kg2 Rh4 35. Kg3 Rh6 36. Kf3 f5 37. c3 dxc3 38. Bxc3 Rh3+ 0-1

[Event "Open dell'Ariete"]
[Site "Torino ITA"]
[Date "2015.04.09"]
[Round "3"]
[White "Chianale, Angelo"]
[Black "D'India, Bruno"]
[WhiteElo "1738"]
[BlackElo "1652"]
[Result "0-1"]
[PlyCount "56"]
[EventDate "2015.03.26"]

1. e4 e5 2. Nf3 Nc6 3. d4 exd4 4. Nxd4 Qf6 5. Nxc6 dxc6 6. Nc3 Bc5 7. Qe2 Be6
8. Be3 Bb4 9. Bd2 Ne7 10. a3 Ba5 11. O-O-O O-O 12. h4 Rfe8 13. f3 b5 14. e5 Qg6
15. g4 Bc4 16. Qg2 Bxf1 17. Rhxf1 b4 18. axb4 Bxb4 19. f4 c5 20. Qe2 Qb6 21.
Qb5 Bxc3 22. Qxb6 Bxd2+ 23. Rxd2 axb6 24. Kd1 Ra1+ 25. Ke2 Rxf1 26. Kxf1 Ng6
27. Rd7 Rc8 28. f5 Nxe5 0-1

[Event "Open dell'Ariete"]
[Site "Torino ITA"]
[Date "2015.04.09"]
[Round "3"]
[White "De Leon, Voltare Gello"]
[Black "Bosetti, Roberto"]
[WhiteElo "1440"]
[BlackElo "1774"]
[Result "0-1"]
[PlyCount "42"]
[EventDate "2015.03.26"]

1. e4 c5 2. Nf3 d6 3. d4 cxd4 4. Nxd4 Nf6 5. Nc3 g6 6. Bc4 Bg7 7. O-O O-O 8. f4
Nc6 9. Be3 Ng4 10. Nxc6 bxc6 11. Qd3 Nxe3 12. Qxe3 Qa5 13. Bb3 Rb8 14. Rab1 Rb4
15. f5 Bd4 16. Rf3 Bxe3+ 17. Rxe3 Qc5 18. Rbe1 Ba6 19. Kh1 Bc4 20. fxg6 fxg6
21. Na4 Qxe3 0-1

[Event "Open dell'Ariete"]
[Site "Torino ITA"]
[Date "2015.04.09"]
[Round "3"]
[White "Gussone, Claudio"]
[Black "Cutelli, Massimo"]
[WhiteElo "1753"]
[BlackElo "1580"]
[Result "1-0"]
[PlyCount "107"]
[EventDate "2015.03.26"]

1. c4 e5 2. Nc3 Nf6 3. Nf3 Nc6 4. d4 exd4 5. Nxd4 Nxd4 6. Qxd4 Be7 7. e4 d6 8.
Be2 O-O 9. Be3 Re8 10. O-O Ng4 11. Bf4 Bf6 12. Qd1 Bxc3 13. bxc3 Ne5 14. c5 Ng6
15. Bg3 Rxe4 16. cxd6 cxd6 17. Bf3 Re6 18. Bd5 Rf6 19. h4 Ne7 20. Bb3 Nf5 21.
Bf4 h6 22. g3 Be6 23. Re1 Rc8 24. Qd2 Qc7 25. Rac1 Qc6 26. Bd1 Bd5 27. Kh2 Bf3
28. Bb3 d5 29. Be5 Rg6 30. Qf4 Be4 31. Rxe4 dxe4 32. Qxf5 Rf8 33. Re1 Re6 34.
Bxe6 fxe6 35. Qxe4 Rxf2+ 36. Kg1 Qxe4 37. Rxe4 Rxa2 38. Rg4 b5 39. Rxg7+ Kf8
40. Rb7 a6 41. Bg7+ Kg8 42. Bxh6 Ra3 43. Bg7 Rb3 44. Bd4 a5 45. h5 Rb1+ 46. Kg2
Rb2+ 47. Kh3 Rb1 48. Kg4 a4 49. h6 Rh1 50. Kg5 Rh3 51. g4 a3 52. Rxb5 a2 53.
Ra5 Rh2 54. Kg6 1-0

[Event "Open dell'Ariete"]
[Site "Torino ITA"]
[Date "2015.04.09"]
[Round "3"]
[White "Leoni, Alessandro"]
[Black "Manunta, Andrea"]
[WhiteElo "1908"]
[BlackElo "1885"]
[Result "1/2-1/2"]
[PlyCount "74"]
[EventDate "2015.03.26"]

1. e4 e6 2. d4 d5 3. Nc3 Bb4 4. e5 c5 5. a3 Bxc3+ 6. bxc3 Qc7 7. Nf3 b6 8. Bb5+
Bd7 9. Bd3 Ne7 10. a4 Bc6 11. O-O Nd7 12. Ng5 h6 13. Qh5 g6 14. Qh3 Nf8 15. g4
Ng8 16. f4 c4 17. Be2 O-O-O 18. f5 gxf5 19. gxf5 exf5 20. Rxf5 Bd7 21. Bg4 Bxf5
22. Bxf5+ Kb7 23. Ba3 hxg5 24. Qxh8 Ng6 25. Bxg6 fxg6 26. Rf1 Qd7 27. h3 Qxa4
28. Rf7+ Ka6 29. Qg7 Ra8 30. Bf8 Qa1+ 31. Kg2 Qxc3 32. Qxg6 Qxd4 33. Qc6 Qe4+
34. Kf1 Qh1+ 35. Ke2 Qg2+ 36. Kd1 Qg1+ 37. Ke2 Qg2+ 1/2-1/2

[Event "Open dell'Ariete"]
[Site "Torino ITA"]
[Date "2015.04.09"]
[Round "3"]
[White "Longo, Enrico"]
[Black "Fassio, Francesco"]
[WhiteElo "1777"]
[BlackElo "1637"]
[Result "0-1"]
[PlyCount "72"]
[EventDate "2015.03.26"]

1. e4 e5 2. Nf3 Nf6 3. Nxe5 d6 4. Nf3 Nxe4 5. d4 d5 6. Bd3 Be7 7. O-O Nc6 8.
Re1 Bg4 9. c3 Nf6 10. Bf4 O-O 11. Nbd2 Nh5 12. Be3 Nf6 13. Qc2 h6 14. h3 Be6
15. Nh2 Bd6 16. Ndf3 Nh5 17. Bd2 Bf4 18. g4 Bxh2+ 19. Nxh2 Nf6 20. Kh1 Qd6 21.
Re3 Ne4 22. Bxe4 dxe4 23. Rxe4 Bd5 24. f3 Bxe4 25. fxe4 Ne7 26. Rf1 Ng6 27. Be1
a5 28. Rf5 Ne7 29. Rf3 b5 30. Bg3 Qd7 31. Rd3 Ra6 32. Nf3 Qe6 33. Qe2 c6 34. d5
Qd7 35. dxc6 Qxc6 36. Nd4 Qc4 $138 0-1

[Event "Open dell'Ariete"]
[Site "Torino ITA"]
[Date "2015.04.09"]
[Round "3"]
[White "Pitica, Silviu Valentin"]
[Black "Masi, Adamo"]
[WhiteElo "1918"]
[BlackElo "1916"]
[Result "1/2-1/2"]
[PlyCount "73"]
[EventDate "2015.03.26"]

1. Nf3 Nf6 2. g3 g6 3. Bg2 Bg7 4. c4 d6 5. O-O O-O 6. Nc3 c6 7. d4 Qc7 8. Bf4
Nh5 9. Be3 b6 10. Rc1 Bb7 11. Qd2 Nd7 12. Bh6 Rad8 13. Bxg7 Kxg7 14. d5 c5 15.
b3 a6 16. Qb2 Kg8 17. Rcd1 Bc8 18. e4 Ng7 19. Rfe1 Rde8 20. Qd2 Qb8 21. a4 Qc7
22. Qh6 Nf6 23. h3 Bd7 24. Qd2 b5 25. axb5 axb5 26. e5 dxe5 27. Nxe5 bxc4 28.
Nxd7 Qxd7 29. bxc4 Nf5 30. Rb1 Nd6 31. Qd3 Ra8 32. Nb5 Rfb8 33. Nxd6 exd6 34.
Qc3 Nh5 35. Kh2 Rxb1 36. Rxb1 Qf5 37. Rb2 1/2-1/2

[Event "Open dell'Ariete"]
[Site "Torino ITA"]
[Date "2015.04.09"]
[Round "3"]
[White "Plenzick, Angelo"]
[Black "Di Stefano, Marco T."]
[WhiteElo "1725"]
[BlackElo "1686"]
[Result "1/2-1/2"]
[PlyCount "60"]
[EventDate "2015.03.26"]

1. f4 e6 2. Nf3 b6 3. e4 Bb7 4. d3 Bc5 5. Nbd2 Nf6 6. Nb3 Be7 7. Be2 Na6 8. O-O
h5 9. g3 d5 10. e5 Nd7 11. d4 h4 12. g4 c5 13. Be3 cxd4 14. Bxd4 Rc8 15. c3
Nac5 16. Nxc5 Nxc5 17. Bb5+ Bc6 18. Bxc6+ Rxc6 19. Bxc5 Bxc5+ 20. Kh1 Be3 21.
Nd4 Bxd4 22. cxd4 Rc4 23. Rc1 h3 24. Rxc4 dxc4 25. Qa4+ Kf8 26. Qb4+ Kg8 27.
Qxc4 Qa8+ 28. d5 exd5 29. Qd4 Qc8 30. g5 Qc2 1/2-1/2

[Event "Open dell'Ariete"]
[Site "Torino ITA"]
[Date "2015.04.09"]
[Round "3"]
[White "Teofilatto, Stefano"]
[Black "Peruffo, Giovanni"]
[WhiteElo "1669"]
[BlackElo "1520"]
[Result "1-0"]
[PlyCount "105"]
[EventDate "2015.03.26"]

1. d4 Nf6 2. Nf3 g6 3. Bf4 Bg7 4. e3 d6 5. h3 O-O 6. Be2 Bf5 7. O-O c5 8. c3
Nc6 9. Nbd2 Qd7 10. Nh4 e5 11. dxe5 dxe5 12. Bh2 Rfe8 13. Nb3 b6 14. Qxd7 Bxd7
15. Rfd1 Rad8 16. Bb5 Nb8 17. Bxd7 Nfxd7 18. Nd2 Nf6 19. Nhf3 Nc6 20. e4 Nd7
21. Nc4 Bf8 22. Nd6 Bxd6 23. Rxd6 Ncb8 24. Rad1 f6 25. g4 g5 26. Ne1 Kf7 27.
Nc2 Ke7 28. Ne3 Kf7 29. Nf5 Kg6 30. a4 c4 31. f3 Kf7 32. Kg2 Re6 33. Bg1 Rxd6
34. Rxd6 Ke8 35. Re6+ Kf7 36. Re7+ Kg8 37. Nh6+ Kf8 38. Rxh7 Nc6 39. Rh8+ Kg7
40. Rxd8 Nxd8 41. Nf5+ Kf7 42. Nd6+ Ke6 43. Nxc4 Nb7 44. b4 a5 45. bxa5 bxa5
46. Kf1 Nb8 47. Ke2 Nc6 48. Kd3 Ne7 49. Bf2 Ng6 50. Ke2 Nf4+ 51. Kd2 Nxh3 52.
Bb6 Ng1 53. Bxg1 1-0

[Event "Open dell'Ariete"]
[Site "Torino ITA"]
[Date "2015.04.09"]
[Round "3"]
[White "Vozza, Augusto"]
[Black "Gatto, Salvatore"]
[WhiteElo "1544"]
[BlackElo "1700"]
[Result "0-1"]
[PlyCount "98"]
[EventDate "2015.03.26"]

1. e4 c5 2. Nf3 d6 3. Bb5+ Bd7 4. Bxd7+ Nxd7 5. Nc3 Ngf6 6. O-O g6 7. d3 Bg7 8.
Qe2 O-O 9. Rb1 a6 10. b3 b5 11. Bb2 Re8 12. Nd1 e5 13. Ne3 Nf8 14. Bc1 Ne6 15.
Nd5 Nxd5 16. exd5 Nd4 17. Qd1 Nxf3+ 18. Qxf3 f5 19. Bd2 b4 20. Rfe1 Qf6 21. c4
a5 22. g3 Qf7 23. Qg2 a4 24. f4 axb3 25. axb3 Ra2 26. Qe2 Rea8 27. Red1 R8a7
28. Qe1 Qe7 29. Ra1 Qb7 30. Rxa2 Rxa2 31. Ra1 Qa7 32. Rxa2 Qxa2 33. Qd1 Qb2 34.
Qe2 Qxb3 35. fxe5 Bxe5 36. Bf4 Qb1+ 37. Kg2 Qb2 38. Bd2 Qa1 39. Kh3 b3 40. Bf4
Qc3 41. Bd2 Qc2 42. Qe3 b2 43. Qg5 Qxd2 44. Qxd2 b1=Q 45. Qe2 Qb8 46. Qf3 Qf8
47. g4 fxg4+ 48. Qxg4 Qf1+ 49. Qg2 Qxd3+ 0-1

[Event "Open dell'Ariete"]
[Site "Torino ITA"]
[Date "2015.04.16"]
[Round "4"]
[White "Bosetti, Roberto"]
[Black "Ammirata, Achille"]
[WhiteElo "1774"]
[BlackElo "1440"]
[Result "1/2-1/2"]
[PlyCount "53"]
[EventDate "2015.03.26"]

1. d4 Nf6 2. c4 e6 3. Nc3 d5 4. Bg5 Be7 5. e3 Nbd7 6. Nf3 O-O 7. Rc1 c5 8. cxd5
Nxd5 9. Bxe7 Nxe7 10. Bd3 cxd4 11. Nxd4 a6 12. O-O e5 13. Nf5 Nf6 14. Nxe7+
Qxe7 15. Qf3 Rd8 16. Bf5 Bxf5 17. Qxf5 Rd7 18. Rfd1 Rad8 19. Rxd7 Rxd7 20. Ne4
Nxe4 21. Qxe4 Qd6 22. g3 Rc7 23. Rc3 Rxc3 24. bxc3 Qc7 25. c4 f6 26. Qd5+ Kf8
27. h4 1/2-1/2

[Event "Open dell'Ariete"]
[Site "Torino ITA"]
[Date "2015.04.16"]
[Round "4"]
[White "Cutelli, Massimo"]
[Black "Plenzick, Angelo"]
[WhiteElo "1580"]
[BlackElo "1725"]
[Result "1-0"]
[PlyCount "49"]
[EventDate "2015.03.26"]

1. e4 c6 2. d4 d5 3. Nc3 dxe4 4. Nxe4 Nf6 5. Nxf6+ exf6 6. Nf3 Bg4 7. c3 Bd6 8.
Qb3 Qe7+ 9. Be3 Be6 10. Qc2 O-O 11. Bd3 h6 12. O-O-O Re8 13. Rde1 Qc7 14. Kb1
Nd7 15. c4 Bf8 16. Nh4 Nb6 17. Nf5 h5 18. g4 hxg4 19. Reg1 g6 20. Rxg4 Nxc4 21.
Bxc4 Bxc4 22. Qxc4 Qa5 23. Rxg6+ Kh7 24. Qxf7+ Kh8 25. Rg8# 1-0

[Event "Open dell'Ariete"]
[Site "Torino ITA"]
[Date "2015.04.16"]
[Round "4"]
[White "D'India, Bruno"]
[Black "Gussone, Claudio"]
[WhiteElo "1652"]
[BlackElo "1753"]
[Result "1-0"]
[PlyCount "71"]
[EventDate "2015.03.26"]

1. d4 d5 2. Nf3 Nf6 3. e3 Bg4 4. c4 e6 5. a3 Be7 6. Be2 O-O 7. Ne5 Bxe2 8. Qxe2
Nbd7 9. Nxd7 Qxd7 10. O-O dxc4 11. Qxc4 Rac8 12. b4 b6 13. Bb2 c5 14. bxc5 bxc5
15. Rc1 Qb7 16. Qe2 c4 17. Ra2 Qb3 18. Ba1 c3 19. Qc2 Qd5 20. Nxc3 Rxc3 21.
Bxc3 Rc8 22. Rb2 Ne4 23. Rb3 a5 24. Qb2 Bd6 25. Rb1 h6 26. f3 Nf6 27. e4 Qg5
28. e5 Qe3+ 29. Qf2 Qd3 30. Bxa5 Qa6 31. Be1 Bxe5 32. dxe5 Nd5 33. Rb8 Rxb8 34.
Rxb8+ Kh7 35. Qc2+ g6 36. Qc8 1-0

[Event "Open dell'Ariete"]
[Site "Torino ITA"]
[Date "2015.04.16"]
[Round "4"]
[White "Di Chiara, Mauro"]
[Black "Pitica, Silviu Valentin"]
[WhiteElo "1977"]
[BlackElo "1918"]
[Result "1/2-1/2"]
[PlyCount "75"]
[EventDate "2015.03.26"]

1. Nf3 c5 2. g3 g6 3. Bg2 Bg7 4. O-O Nf6 5. d4 cxd4 6. Nxd4 O-O 7. Nc3 Nc6 8.
Nb3 d6 9. h3 Be6 10. e4 Bc4 11. Re1 Rc8 12. Be3 a6 13. Qd2 Re8 14. Rad1 Qc7 15.
Nd5 Bxd5 16. exd5 Ne5 17. c3 Nc4 18. Qe2 Nxe3 19. Qxe3 Nd7 20. h4 Ne5 21. Bh3
Rb8 22. f4 Nc4 23. Qf2 Qb6 24. Qxb6 Nxb6 25. Re4 f5 26. Rb4 Nd7 27. Na5 Nc5 28.
Nb3 Nxb3 29. axb3 Rec8 30. g4 fxg4 31. Bxg4 Rc5 32. Re4 Bf6 33. h5 Kg7 34. Kg2
Ra5 35. Ra4 Rxa4 36. bxa4 b5 37. axb5 Rxb5 38. Rd2 1/2-1/2

[Event "Open dell'Ariete"]
[Site "Torino ITA"]
[Date "2015.04.16"]
[Round "4"]
[White "Di Stefano, Marco T."]
[Black "Chianale, Angelo"]
[WhiteElo "1686"]
[BlackElo "1738"]
[Result "1-0"]
[PlyCount "41"]
[EventDate "2015.03.26"]

1. e4 d5 2. exd5 Qxd5 3. Nc3 Qd6 4. d4 Nf6 5. Bc4 a6 6. Nf3 Bg4 7. Bxf7+ Kxf7
8. Ne5+ Kg8 9. Nxg4 Nc6 10. Be3 Rd8 11. Qe2 e5 12. Rd1 exd4 13. Bxd4 Nxd4 14.
Rxd4 Qe7 15. Rxd8 Qxe2+ 16. Nxe2 Nxg4 17. O-O Nf6 18. Nf4 Kf7 19. Re1 g6 20.
Ne6 Ke7 21. Rb8 1-0

[Event "Open dell'Ariete"]
[Site "Torino ITA"]
[Date "2015.04.16"]
[Round "4"]
[White "Fassio, Francesco"]
[Black "Carra, Andrea"]
[WhiteElo "1637"]
[BlackElo "1416"]
[Result "1-0"]
[PlyCount "114"]
[EventDate "2015.03.26"]

1. Nf3 Nf6 2. c4 e6 3. Nc3 Bb4 4. g3 O-O 5. Bg2 Re8 6. O-O d6 7. d4 Bxc3 8.
bxc3 d5 9. Qd3 h6 10. Rb1 b6 11. Nd2 Bb7 12. Qc2 Nbd7 13. Re1 Rc8 14. cxd5 exd5
15. c4 c5 16. dxc5 Nxc5 17. Qd1 dxc4 18. Nxc4 Qxd1 19. Rxd1 Bxg2 20. Kxg2 Rxe2
21. Nd6 Rc6 22. Nf5 Rc7 23. Bf4 Rd7 24. Rxd7 Nfxd7 25. a3 Ra2 26. Re1 Rxa3 27.
Re8+ Kh7 28. Re7 Kg6 29. g4 Ra4 30. Kf3 h5 31. h3 hxg4+ 32. hxg4 b5 33. Nd6 Kf6
34. Rxf7+ Ke6 35. Rxg7 b4 36. Rh7 b3 37. Rh6+ Kd5 38. Rh5+ Kc6 39. Rh1 b2 40.
Rb1 Rb4 41. g5 a5 42. g6 Nf6 43. g7 a4 44. Ne8 Ng8 45. Be5 a3 46. Nf6 Nd7 47.
Nxg8 Nxe5+ 48. Ke2 Rb7 49. Ne7+ Rxe7 50. g8=Q Nc4+ 51. Kd1 Rd7+ 52. Kc2 Kb6 53.
Qb8+ Rb7 54. Qd8+ Rc7 55. Qd4+ Rc5 56. Qd1 Rc7 57. Kd3 Ne5+ 1-0

[Event "Open dell'Ariete"]
[Site "Torino ITA"]
[Date "2015.04.16"]
[Round "4"]
[White "Gatto, Salvatore"]
[Black "De Leon, Voltare Gello"]
[WhiteElo "1700"]
[BlackElo "1440"]
[Result "1-0"]
[PlyCount "107"]
[EventDate "2015.03.26"]

1. d4 Nf6 2. c4 e6 3. Nc3 Bb4 4. Qc2 b6 5. Bg5 Bb7 6. f3 h6 7. Bh4 g5 8. Bf2 d5
9. e3 Qe7 10. Bd3 Nbd7 11. Nge2 O-O-O 12. O-O-O c5 13. a3 Bxc3 14. Nxc3 a6 15.
Rhe1 dxc4 16. Bxc4 Rhg8 17. e4 b5 18. Bf1 c4 19. d5 Ne5 20. dxe6 Qxe6 21. Rxd8+
Rxd8 22. Rd1 Rxd1+ 23. Qxd1 Qd7 24. Qxd7+ Nfxd7 25. Nd1 Nd3+ 26. Bxd3 cxd3 27.
Kd2 Ne5 28. Bd4 f6 29. Bxe5 fxe5 30. Kxd3 Kd7 31. Ne3 h5 32. g3 Ke6 33. Nf5 Kf6
34. h4 Bc6 35. hxg5+ Kxg5 36. Ke3 Kf6 37. b4 Ba8 38. Nh4 Bc6 39. f4 Bd7 40. Nf3
exf4+ 41. Kxf4 Bg4 42. e5+ Ke6 43. Nd2 Kd5 44. Nb3 Bc8 45. Nc5 a5 46. e6 Bxe6
47. Nxe6 a4 48. Ng7 Kc4 49. Nxh5 Kb3 50. g4 Kxa3 51. g5 Kb2 52. g6 a3 53. g7 a2
54. g8=Q 1-0

[Event "Open dell'Ariete"]
[Site "Torino ITA"]
[Date "2015.04.16"]
[Round "4"]
[White "Masi, Adamo"]
[Black "Manunta, Andrea"]
[WhiteElo "1916"]
[BlackElo "1885"]
[Result "1/2-1/2"]
[PlyCount "44"]
[EventDate "2015.03.26"]

1. c4 c5 2. Nc3 Nc6 3. Nf3 e5 4. d3 g6 5. g3 Bg7 6. Bg2 Nge7 7. O-O O-O 8. Be3
d6 9. a3 Nf5 10. Bg5 f6 11. Bd2 Be6 12. Rb1 a5 13. e3 Nfe7 14. Qc2 b6 15. Nb5
d5 16. Rfd1 Na7 17. Nxa7 Rxa7 18. b4 axb4 19. axb4 Qa8 20. bxc5 bxc5 21. Rb5
Ra2 22. Qc3 Ra3 1/2-1/2

[Event "Open dell'Ariete"]
[Site "Torino ITA"]
[Date "2015.04.16"]
[Round "4"]
[White "Peruffo, Giovanni"]
[Black "Longo, Enrico"]
[WhiteElo "1520"]
[BlackElo "1777"]
[Result "0-1"]
[PlyCount "82"]
[EventDate "2015.03.26"]

1. e4 c5 2. Nf3 e6 3. b3 Nc6 4. Bb2 d5 5. exd5 exd5 6. d4 Nf6 7. Bb5 a6 8.
Bxc6+ bxc6 9. Ne5 Qb6 10. O-O Be7 11. Re1 Be6 12. Na3 O-O 13. c4 cxd4 14. Bxd4
Bc5 15. Nc2 Bxd4 16. Nxd4 c5 17. Nxe6 fxe6 18. cxd5 exd5 19. Nd7 Nxd7 20. Qxd5+
Kh8 21. Qxd7 c4 22. Qd2 Rad8 23. Qe2 c3 24. Qe3 Qxe3 25. Rxe3 c2 26. Ree1 Rd2
27. f3 Rfd8 28. Kf1 Kg8 29. Rac1 Kf7 30. a4 R8d3 31. b4 Rb3 32. b5 axb5 33.
axb5 Rxb5 34. h3 Kf6 35. Kg1 g5 36. Kf1 h5 37. Kg1 Re5 38. Kf1 Rxe1+ 39. Kxe1
Rxg2 40. Kf1 Rh2 41. Kg1 Rd2 0-1

[Event "Open dell'Ariete"]
[Site "Torino ITA"]
[Date "2015.04.23"]
[Round "5"]
[White "Ammirata, Achille"]
[Black "Di Stefano, Marco T."]
[WhiteElo "1440"]
[BlackElo "1686"]
[Result "1-0"]
[PlyCount "65"]
[EventDate "2015.03.26"]

1. Nf3 g6 2. e4 d6 3. d4 e6 4. Bb5+ Nd7 5. O-O Bg7 6. Be3 a6 7. Ba4 b5 8. Bb3
Bb7 9. Nbd2 h6 10. c3 Ne7 11. Re1 g5 12. d5 e5 13. Nf1 Nf6 14. Ng3 Qd7 15. a4
g4 16. Nh4 h5 17. Nhf5 Bf8 18. Bg5 Nxe4 19. Nxe7 Nxg3 20. Nc6 Nf5 21. Qe2 Bxc6
22. dxc6 Qxc6 23. axb5 axb5 24. Rxa8+ Qxa8 25. Qxb5+ c6 26. Qc4 Rh7 27. Qd3 Qc8
28. Bc2 Rg7 29. Bd2 Nh4 30. Bh6 Nf3+ 31. gxf3 gxf3+ 32. Kh1 Rg2 33. Qxf3 1-0

[Event "Open dell'Ariete"]
[Site "Torino ITA"]
[Date "2015.04.23"]
[Round "5"]
[White "Carra, Andrea"]
[Black "Vozza, Augusto"]
[WhiteElo "1416"]
[BlackElo "1544"]
[Result "1-0"]
[PlyCount "73"]
[EventDate "2015.03.26"]

1. d4 Nf6 2. Nf3 d6 3. e3 h6 4. Bd3 Nc6 5. Nbd2 Bg4 6. c4 e5 7. Be2 Qd7 8. O-O
Be7 9. h3 Bf5 10. a3 O-O 11. d5 Nd8 12. b4 c6 13. Qb3 cxd5 14. cxd5 b5 15. Bb2
e4 16. Nd4 a6 17. Rac1 Nb7 18. Nxf5 Qxf5 19. Rc7 Ra7 20. Rxe7 Na5 21. bxa5 Rxe7
22. Rc1 Rc8 23. Rxc8+ Qxc8 24. Bxf6 gxf6 25. Bg4 f5 26. Bh5 Rc7 27. Kh2 Qe8 28.
Nf1 Qe5+ 29. Ng3 f4 30. exf4 Qxf4 31. Qe3 Qxe3 32. fxe3 Rc3 33. Nxe4 Rxe3 34.
Nxd6 f6 35. Bg4 Rxa3 36. Nb7 Rd3 37. d6 1-0

[Event "Open dell'Ariete"]
[Site "Torino ITA"]
[Date "2015.04.23"]
[Round "5"]
[White "Cutelli, Massimo"]
[Black "Bosetti, Roberto"]
[WhiteElo "1580"]
[BlackElo "1774"]
[Result "1-0"]
[PlyCount "61"]
[EventDate "2015.03.26"]

1. e4 c5 2. Nc3 Nc6 3. f4 g6 4. Nf3 Bg7 5. Bb5 Qb6 6. Nd5 Qd8 7. O-O e6 8. Nc3
Nge7 9. e5 O-O 10. Ne4 Nf5 11. Bxc6 bxc6 12. Nxc5 Qb6 13. d4 d6 14. Nb3 dxe5
15. Nxe5 Rd8 16. c3 Ba6 17. Re1 h5 18. Qf3 Rd6 19. Nc5 Rad8 20. a4 Rd5 21. b4
Bb7 22. Be3 Ba8 23. Bf2 Bf6 24. a5 Qb5 25. c4 Qxb4 26. cxd5 Nxd4 27. Bxd4 Qxd4+
28. Qf2 Bxe5 29. fxe5 Rxd5 30. Qxd4 Rxd4 31. Rad1 1-0

[Event "Open dell'Ariete"]
[Site "Torino ITA"]
[Date "2015.04.23"]
[Round "5"]
[White "De Leon, Voltare Gello"]
[Black "Teofilatto, Stefano"]
[WhiteElo "1440"]
[BlackElo "1669"]
[Result "1-0"]
[PlyCount "47"]
[EventDate "2015.03.26"]

1. e4 d6 2. d4 g6 3. f4 Bg7 4. Nc3 Nd7 5. Nf3 c5 6. Be3 Qb6 7. b3 Ngf6 8. h3
O-O 9. Bc4 Qc7 10. O-O a6 11. f5 b5 12. Bd3 Bb7 13. fxg6 hxg6 14. Qd2 b4 15.
Ne2 Bxe4 16. Bh6 Bxd3 17. cxd3 cxd4 18. Rac1 Qb6 19. Bxg7 Kxg7 20. Qf4 e5 21.
Qg5 Nc5 22. Nh4 Qd8 23. Nf5+ Kh7 24. Qh6+ 1-0

[Event "Open dell'Ariete"]
[Site "Torino ITA"]
[Date "2015.04.23"]
[Round "5"]
[White "Gussone, Claudio"]
[Black "Gatto, Salvatore"]
[WhiteElo "1753"]
[BlackElo "1700"]
[Result "1/2-1/2"]
[PlyCount "81"]
[EventDate "2015.03.26"]

1. Nf3 Nf6 2. g3 g6 3. Bg2 Bg7 4. O-O O-O 5. c4 c6 6. d4 d6 7. Nc3 Re8 8. e4
Bg4 9. Qc2 Qc8 10. Bf4 Nbd7 11. h3 Bxf3 12. Bxf3 e5 13. dxe5 Nxe5 14. Bxe5 dxe5
15. Kg2 Qc7 16. Rfd1 Red8 17. c5 Rd4 18. Ne2 Rxd1 19. Rxd1 Rd8 20. b4 Rxd1 21.
Qxd1 Bf8 22. a3 b6 23. cxb6 axb6 24. Nc1 Qd7 25. Qxd7 Nxd7 26. Nb3 f6 27. Bg4
Nb8 28. Be6+ Kg7 29. Kf3 Na6 30. Bc8 Nc7 31. Bd7 c5 32. bxc5 bxc5 33. a4 c4 34.
Nc1 Bb4 35. Ke2 Na6 36. Bb5 Nc5 37. f3 f5 38. exf5 gxf5 39. Kd1 Kf6 40. Bxc4
Nxa4 41. Kc2 1/2-1/2

[Event "Open dell'Ariete"]
[Site "Torino ITA"]
[Date "2015.04.23"]
[Round "5"]
[White "Manunta, Andrea"]
[Black "D'India, Bruno"]
[WhiteElo "1885"]
[BlackElo "1652"]
[Result "0-1"]
[PlyCount "74"]
[EventDate "2015.03.26"]

1. d4 d5 2. c4 e6 3. Nc3 c6 4. e3 Bd6 5. Nf3 f5 6. g3 Nf6 7. b3 b6 8. Bg2 O-O
9. O-O Bb7 10. Bb2 c5 11. cxd5 Nxd5 12. Qd2 Nd7 13. Rfd1 N7f6 14. Nb5 Ne4 15.
Qe1 Be7 16. Rac1 Qe8 17. Na3 Nb4 18. dxc5 Bxc5 19. Ne5 Rd8 20. Rxd8 Qxd8 21.
Rd1 Bd5 22. Nac4 Qe7 23. Qe2 Nxa2 24. Bxe4 fxe4 25. Qg4 Nb4 26. h4 b5 27. Na3
Qf6 28. Rd2 Bxe3 29. Nd7 Bxf2+ 30. Kh2 Bg1+ 31. Kh3 Qf1+ 32. Rg2 Rf7 33. Bxg7
Rxg7 34. Qh5 Rg6 35. Nf6+ Rxf6 36. Qe8+ Rf8 37. Qe7 Qf5+ 0-1

[Event "Open dell'Ariete"]
[Site "Torino ITA"]
[Date "2015.04.23"]
[Round "5"]
[White "Masi, Adamo"]
[Black "Di Chiara, Mauro"]
[WhiteElo "1916"]
[BlackElo "1977"]
[Result "1/2-1/2"]
[PlyCount "71"]
[EventDate "2015.03.26"]

1. d4 d6 2. e4 g6 3. Be3 Bg7 4. Nc3 Nf6 5. Be2 O-O 6. h4 h5 7. Nf3 Ng4 8. Bf4
Nc6 9. d5 Nce5 10. Nxe5 Nxe5 11. Qd2 c6 12. Bh6 Qb6 13. Bxg7 Kxg7 14. b3 Bg4
15. Na4 Qc7 16. f3 Bd7 17. dxc6 bxc6 18. c4 c5 19. Nc3 Be6 20. f4 Nc6 21. f5
Bd7 22. Nd5 Qd8 23. g4 hxg4 24. h5 Ne5 25. hxg6 Rh8 26. Rh7+ Rxh7 27. gxh7 f6
28. O-O-O a5 29. Rh1 Kh8 30. Rh4 g3 31. Rh1 a4 32. b4 cxb4 33. Rg1 Be8 34. Qh6
Bf7 35. Rxg3 Qf8 36. Qh4 1/2-1/2

[Event "Open dell'Ariete"]
[Site "Torino ITA"]
[Date "2015.04.23"]
[Round "5"]
[White "Pitica, Silviu Valentin"]
[Black "Leoni, Alessandro"]
[WhiteElo "1918"]
[BlackElo "1908"]
[Result "1/2-1/2"]
[PlyCount "36"]
[EventDate "2015.03.26"]

1. d4 Nf6 2. Nf3 g6 3. c4 Bg7 4. Nc3 d5 5. cxd5 Nxd5 6. Bd2 O-O 7. e4 Nxc3 8.
Bxc3 c5 9. d5 Bxc3+ 10. bxc3 Qa5 11. Qb3 e6 12. Bc4 exd5 13. Bxd5 Nc6 14. O-O
Qc7 15. Rab1 Na5 16. Qa3 Bg4 17. Ng5 Be2 18. Rfe1 Bc4 1/2-1/2

[Event "Open dell'Ariete"]
[Site "Torino ITA"]
[Date "2015.04.23"]
[Round "5"]
[White "Plenzick, Angelo"]
[Black "Longo, Enrico"]
[WhiteElo "1725"]
[BlackElo "1777"]
[Result "1/2-1/2"]
[PlyCount "210"]
[EventDate "2015.03.26"]

1. f4 g6 2. Nf3 d6 3. e3 Bg7 4. d4 Nf6 5. Bd3 Nbd7 6. c3 c5 7. O-O cxd4 8. exd4
O-O 9. Nbd2 Nb6 10. Qe1 Bg4 11. Ne4 Nxe4 12. Bxe4 d5 13. Bd3 Nd7 14. Ne5 Nf6
15. Qg3 Bd7 16. Bd2 Ne4 17. Qe3 f5 18. Nf3 Qb6 19. Rfb1 Rac8 20. Be1 Bf6 21.
Bf2 Rc7 22. Nd2 Rfc8 23. Nxe4 fxe4 24. Be2 Qe6 25. Qg3 Qf7 26. Be3 Bf5 27. Bg4
Bxg4 28. Qxg4 Bg7 29. g3 Qf5 30. Qxf5 gxf5 31. a4 a5 32. Ra3 Rc6 33. Rb3 b6 34.
Rb5 e6 35. Kf2 Kf7 36. Ra1 Kg6 37. Ra3 Kf6 38. Ke2 Bf8 39. Rab3 Rb8 40. Rxa5
Bd6 41. Rab5 Ra8 42. Rxb6 Rxb6 43. Rxb6 Bc7 44. Rb7 Rc8 45. Kd2 h6 46. b4 Bd6
47. a5 Ra8 48. Rb6 Bc7 49. Rc6 Bxa5 50. bxa5 Rxa5 51. c4 Ra2+ 52. Kc3 Ra3+ 53.
Kd2 Rd3+ 54. Ke2 dxc4 55. Rxc4 Ra3 56. Rc2 Ra5 57. Bd2 Ra4 58. Bc3 Kf7 59. Rd2
Ra3 60. Bb4 Rb3 61. Bc5 Rc3 62. Ra2 Kf6 63. Bd6 Rc4 64. Be5+ Kg6 65. Kd2 h5 66.
Ra6 Kf7 67. Ra7+ Kg6 68. Rg7+ Kh6 69. Rf7 Rc6 70. Rf6+ Kh7 71. d5 Ra6 72. dxe6
Ra2+ 73. Ke3 Ra3+ 74. Kd2 Ra2+ 75. Kd1 e3 76. Rf7+ Kg8 77. Rg7+ Kf8 78. Rf7+
Ke8 79. Rxf5 Ke7 80. Rxh5 Kxe6 81. Rh6+ Kf5 82. Rf6+ Ke4 83. Re6 Kd3 84. Rd6+
Ke4 85. Rd4+ Kf3 86. Rd3 Rxh2 87. Bd4 Ke4 88. Rxe3+ Kxd4 89. Ra3 Ke4 90. Ke1
Kf5 91. Kf1 Rb2 92. Rf3 Kg4 93. Rf2 Rb1+ 94. Kg2 Rb5 95. f5 Rxf5 96. Rxf5 Kxf5
97. Kf3 Kg5 98. g4 Kg6 99. Kf4 Kf6 100. g5+ Kg6 101. Kg4 Kg7 102. Kh5 Kh7 103.
g6+ Kg7 104. Kg5 Kg8 105. Kh6 Kh8 1/2-1/2